Представление документа в формате RUSMARC

ПолеНазваниеЗначение
  Тип записи a
  Библиографический уровень m
001 Контрольный номер RU/SLIB/B/208774981
005 Дата корректировки 20201206204317.9
010 Индекс ISBN __
d Цена 1-20
101 Язык документа __
a Язык текста rus
200 Заглавие и сведения об ответственности __
a Заглавие Сыновья
f Первые сведения об ответственности В. А. Смирнов
b Общее обозначение материала Текст
210 Выходные данные __
a Место издания М.
c Издательство Современник
d Дата издания 1978
215 Физическое описание __
a Объем 285 с.
330 Аннотация __
a Аннотация В романе правдиво и убедительно показано, как социалистическое переустройство деревни коренным образом изменило жизнь русского крестьянства.
606 Тематические рубрики __
a Основная рубрика Художественная литература
y Географическая подрубрика Россия
606 Тематические рубрики __
a Основная рубрика Русская литература XX в. (произведения)
610 Ключевые слова __
a Ключевые слова писатели; романы; проза; прозаики
686 Индексы других классификаций __
a Классификационный индекс 84(2Рос=Рус)6-4
700 Автор __
a Фамилия Смирнов
b Имя В. А.
4 Код отношения 070
801 Источник записи _0
a Страна RU
b Организация Муниципальное бюджетное учреждение культуры "Централизованная библиотечная система" г. Сургут (Центральная городская библиотека им. А. С. Пушкина)
g Правила каталогизации КиК/Елгина
801 Источник записи _1
a Страна RU
b Организация Муниципальное бюджетное учреждение культуры "Централизованная библиотечная система" г. Сургут (Центральная городская библиотека им. А. С. Пушкина)
g Правила каталогизации КиК/Елгина
852 Данные о местонахождении __
j Шифр хранения 84(2Рос=Рус)6-4
i Авторский знак С 50
p Инвентарный номер 124119(с)
901 Тип документа __
t Тип документа m
990 Данные о заказе (DOS) __
j Количество экземпляров (DOS) 1
t N записи в КСУ для И/У (DOS) ретро